Creating and growing real estate wealth : the 4 stages to a lifetime of success

Bibliographic Details
Main Author: Poorvu, William J
Other Authors: Cruikshank, Jeffrey L
Format: Book
Language:English
Published: New Jersey : Pearson Education , 2008
Subjects:

MARC

LEADER 00000cam a2200000 7i4500
001 0000023732
005 20111101.0
008 111031s nju# eng
020 |a 9780132434539 ,   |c RM191.00 
040 |a INS 
090 0 0 |a HD1375   |b P66 2008 
100 1 |a Poorvu, William J 
245 1 0 |a Creating and growing real estate wealth :   |b the 4 stages to a lifetime of success   |c William J.Poorvu with Jeffrey L.Cruikshank 
260 |a New Jersey :   |b Pearson Education ,   |c 2008 
300 |a ix, 254p. ;   |c 23cm. 
500 |a Includes index 
650 0 |a Enterpreneurship   |x Psychology aspects 
650 0 |a Real estate business 
650 0 |a Real estate investment 
700 1 |a Cruikshank, Jeffrey L 
999 |a 1000000311   |b BOOK   |c Open Shelf   |e Default branch